000 00284nam a22001337a 4500
003 SGT
082 _a616.89
_bC16N
100 _aNAMBOODIRY, VMD
245 _aCLINICAL METHODS IN PSYCHIATRY
250 _a3RD
260 _aINDIA
_bCBS
_c2016
300 _a269
942 _2ddc
_cBK
_03
999 _c14859
_d14859